Siatkarze - nagła śmierć - Statystyki

Ogólne statystyki
  • Ten quiz został rozwiązany 498 razy
  • Średni wynik to 9 z 13
Answers on the Grid
Answers color-coded by a green-red scale on the quiz's grid according to % correct below.
Wilfredo León
Cristiano Ronaldo
Earvin Ngapeth
Bartosz Kurek
Benjamin Toniutti
Roger Federer
Giba
Paweł Fajdek
Nikola Jokić
Stéphane Antiga
Stefan Kraft
Rafael Nadal
Piotr Lisek
Bruno Rezende
Tomasz Fornal
Sergio Ramos
Wallace De Souza
Łukasz Kaczmarek
Domen Prevc
Aleksandr Owieczkin
Giannis Antetokounmpo
Karim Benzema
Alessandro Michieletto
Luka Modrić
Jean Patry
Wayne Gretzky
Tonček Štern
Andrzej Stękała
 
Statystyki odpowiedzi
Odpowiedź % Poprawnych
Wilfredo León
98%
Bartosz Kurek
96%
Tomasz Fornal
78%
Łukasz Kaczmarek
74%
Earvin Ngapeth
70%
Benjamin Toniutti
69%
Stéphane Antiga
68%
Alessandro Michieletto
61%
Bruno Rezende
56%
Giba
54%
Jean Patry
54%
Tonček Štern
51%
Wallace De Souza
51%
Nie znaleziono quizów pasujących do podanych kryteriów
Rozkład punktacji
Procent ludzi z każdym wynikiem
Percentyl według liczby udzielonych odpowiedzi
Twoja historia wyników
Nie rozwiązałeś tego quizu